000 00573nam a22001937a 4500
005 20140310183650.0
008 140114b xxu||||| |||| 00| 0 eng d
020 _a9780781797078
050 _aRC 440
_b .B34 2008
100 _aShives, Louise Rebraca
245 _aBasic concepts of psychiatric-mental health nursing /
_cLouise Rebraca Shives.
250 _a7th ed.
260 _aUnited States :
_bLippincott Williams & Wilkins,
_c2008.
300 _a749 p. :
_bcol .ill. ;
_c23 cm.
521 _aNUR
650 _aNursing
942 _2lcc
_cBK
_kFOR
999 _c26056
_d26056